<?xml version="1.0" encoding="UTF-8"?>
<collection xmlns="http://www.loc.gov/MARC21/slim">
 <record>
  <leader>05057cam a2200721   4500</leader>
  <controlfield tag="001">161728923X</controlfield>
  <controlfield tag="003">DE-627</controlfield>
  <controlfield tag="005">20240922204556.0</controlfield>
  <controlfield tag="007">tu</controlfield>
  <controlfield tag="008">120614s2012    xx |||||      00| ||ger c</controlfield>
  <datafield tag="015" ind1=" " ind2=" ">
   <subfield code="a">12,N20</subfield>
   <subfield code="2">dnb</subfield>
  </datafield>
  <datafield tag="016" ind1="7" ind2=" ">
   <subfield code="a">1022165879</subfield>
   <subfield code="2">DE-101</subfield>
  </datafield>
  <datafield tag="020" ind1=" " ind2=" ">
   <subfield code="a">9783257068290</subfield>
   <subfield code="c">Gb. : EUR 19.90 (DE), ca. EUR 20.50 (AT), ca. sfr 29.90 (freier Pr.)</subfield>
   <subfield code="9">978-3-257-06829-0</subfield>
  </datafield>
  <datafield tag="020" ind1=" " ind2=" ">
   <subfield code="a">3257068298</subfield>
   <subfield code="9">3-257-06829-8</subfield>
  </datafield>
  <datafield tag="024" ind1="3" ind2=" ">
   <subfield code="a">9783257068290</subfield>
  </datafield>
  <datafield tag="035" ind1=" " ind2=" ">
   <subfield code="a">(DE-627)161728923X</subfield>
  </datafield>
  <datafield tag="035" ind1=" " ind2=" ">
   <subfield code="a">(DE-576)366718290</subfield>
  </datafield>
  <datafield tag="035" ind1=" " ind2=" ">
   <subfield code="a">(DE-599)DNB1022165879</subfield>
  </datafield>
  <datafield tag="035" ind1=" " ind2=" ">
   <subfield code="a">(OCoLC)808802161</subfield>
  </datafield>
  <datafield tag="035" ind1=" " ind2=" ">
   <subfield code="a">(OCoLC)801748277</subfield>
  </datafield>
  <datafield tag="035" ind1=" " ind2=" ">
   <subfield code="a">(OCoLC)1077742602</subfield>
  </datafield>
  <datafield tag="035" ind1=" " ind2=" ">
   <subfield code="a">(DE-478)952569465</subfield>
  </datafield>
  <datafield tag="040" ind1=" " ind2=" ">
   <subfield code="a">DE-627</subfield>
   <subfield code="b">ger</subfield>
   <subfield code="c">DE-627</subfield>
   <subfield code="e">rakwb</subfield>
  </datafield>
  <datafield tag="041" ind1=" " ind2=" ">
   <subfield code="a">ger</subfield>
  </datafield>
  <datafield tag="044" ind1=" " ind2=" ">
   <subfield code="c">XA-CH-ZH</subfield>
  </datafield>
  <datafield tag="082" ind1="0" ind2=" ">
   <subfield code="a">830</subfield>
   <subfield code="a">B</subfield>
   <subfield code="q">BSZ</subfield>
  </datafield>
  <datafield tag="082" ind1="0" ind2="4">
   <subfield code="a">830</subfield>
   <subfield code="a">B</subfield>
   <subfield code="q">DNB</subfield>
  </datafield>
  <datafield tag="084" ind1=" " ind2=" ">
   <subfield code="a">Zba</subfield>
   <subfield code="2">asb</subfield>
  </datafield>
  <datafield tag="084" ind1=" " ind2=" ">
   <subfield code="a">ZAA</subfield>
   <subfield code="2">ssd</subfield>
  </datafield>
  <datafield tag="084" ind1=" " ind2=" ">
   <subfield code="a">S</subfield>
   <subfield code="2">sfb</subfield>
  </datafield>
  <datafield tag="084" ind1=" " ind2=" ">
   <subfield code="a">R 11</subfield>
   <subfield code="2">kab</subfield>
  </datafield>
  <datafield tag="084" ind1=" " ind2=" ">
   <subfield code="a">GN 9999</subfield>
   <subfield code="2">rvk</subfield>
   <subfield code="0">(DE-625)rvk/43130:</subfield>
  </datafield>
  <datafield tag="084" ind1=" " ind2=" ">
   <subfield code="a">18.10</subfield>
   <subfield code="2">bkl</subfield>
  </datafield>
  <datafield tag="084" ind1=" " ind2=" ">
   <subfield code="a">17.97</subfield>
   <subfield code="2">bkl</subfield>
  </datafield>
  <datafield tag="100" ind1="1" ind2=" ">
   <subfield code="a">Arjouni, Jakob</subfield>
   <subfield code="d">1964-2013</subfield>
   <subfield code="0">(DE-588)118184555</subfield>
   <subfield code="0">(DE-627)079292828</subfield>
   <subfield code="0">(DE-576)167330780</subfield>
   <subfield code="4">aut</subfield>
  </datafield>
  <datafield tag="245" ind1="1" ind2="0">
   <subfield code="a">Bruder Kemal</subfield>
   <subfield code="b">ein Kayankaya-Roman</subfield>
   <subfield code="c">Jakob Arjouni</subfield>
  </datafield>
  <datafield tag="264" ind1=" " ind2="1">
   <subfield code="a">Zürich</subfield>
   <subfield code="b">Diogenes-Verl.</subfield>
   <subfield code="c">2012</subfield>
  </datafield>
  <datafield tag="300" ind1=" " ind2=" ">
   <subfield code="a">225 S., [7] Bl.</subfield>
   <subfield code="c">184 mm x 116 mm</subfield>
  </datafield>
  <datafield tag="336" ind1=" " ind2=" ">
   <subfield code="a">Text</subfield>
   <subfield code="b">txt</subfield>
   <subfield code="2">rdacontent</subfield>
  </datafield>
  <datafield tag="337" ind1=" " ind2=" ">
   <subfield code="a">ohne Hilfsmittel zu benutzen</subfield>
   <subfield code="b">n</subfield>
   <subfield code="2">rdamedia</subfield>
  </datafield>
  <datafield tag="338" ind1=" " ind2=" ">
   <subfield code="a">Band</subfield>
   <subfield code="b">nc</subfield>
   <subfield code="2">rdacarrier</subfield>
  </datafield>
  <datafield tag="520" ind1=" " ind2=" ">
   <subfield code="a">Der Frankfurter Privatdetektiv Kayankaya ist zurück: älter, entspannter, cooler – und sogar in festen Händen. Ein Mädchen verschwindet, und Kayankaya soll während der Frankfurter Buchmesse einen marokkanischen Schriftsteller beschützen. Zwei scheinbar einfache Fälle, doch zusammen führen sie zu Mord, Vergewaltigung, Entführung. Und Kayankaya kommt in den Verdacht, ein Auftragskiller zu sein. „Gleich zwei Fälle sind es, die Kayankaya in „Bruder Kemal“ unerwartete Probleme bereiten. Zum einen soll er eine verschwundene Sechzehnjährige zu ihrer Mutter zurückbringen. Der andere Auftrag führt den sich gerne proletarisch-rau gebenden Ermittler auf die Frankfurter Buchmesse, um den marokkanischstämmigen Verfasser eines skandalträchtigen Romans vor gewaltbereiten Islamisten zu schützen. Um das Mädchen ausfindig zu machen, braucht Kayankaya nicht lange. Bei der unvermeidlichen Befreiungsaktion aus den Fängen eines als Fotokünstler getarnten Zuhälters allerdings stolpert der Detektiv über die, ebenso unvermeidliche, Leiche. Nicht die des Bösewichts übrigens. Dieser wird mit ein paar gezielten Schlägen außer Gefecht gesetzt und als mutmaßlicher Täter präpariert. Genretypische Komplikationen schließen sich an. Obwohl der Pseudofotograf unter Mordverdacht in U-Haft kommt, traut die Polizei der Sache nicht. Auch sein Onkel, Oberhaupt einer Gruppe fundamentalistischer Muslime, hält ihn für unschuldig. Womit sich übrigens eine Verbindung zu Kayankayas zweitem Auftrag herstellt. Das sollen zumindest die Leser denken. Tatsächlich wird Arjouni diesen Teil des Plots erfunden haben, um eine Reihe müder Scherze über den Literaturbetrieb anbringen zu können. Eine gute Idee war das nicht. Zum Ende hin nimmt der Plot wieder Fahrt auf. Es kommt zum Showdown und zur Entlarvung des wirklichen Täters. Beide Ereignisse haben allerdings nur bedingt miteinander zu tun, denn Kayankaya hat seine eigene Vorstellung von Gerechtigkeit“ (culturmag.de)</subfield>
  </datafield>
  <datafield tag="655" ind1=" " ind2="7">
   <subfield code="a">Fiktionale Darstellung</subfield>
   <subfield code="0">(DE-588)1071854844</subfield>
   <subfield code="0">(DE-627)82648378X</subfield>
   <subfield code="0">(DE-576)43337439X</subfield>
   <subfield code="2">gnd-content</subfield>
  </datafield>
  <datafield tag="689" ind1="0" ind2="0">
   <subfield code="d">g</subfield>
   <subfield code="0">(DE-588)4018118-2</subfield>
   <subfield code="0">(DE-627)106327356</subfield>
   <subfield code="0">(DE-576)208922695</subfield>
   <subfield code="a">Frankfurt am Main</subfield>
   <subfield code="2">gnd</subfield>
  </datafield>
  <datafield tag="689" ind1="0" ind2="1">
   <subfield code="d">s</subfield>
   <subfield code="0">(DE-588)4354027-2</subfield>
   <subfield code="0">(DE-627)181253941</subfield>
   <subfield code="0">(DE-576)21155605X</subfield>
   <subfield code="a">Kriminalbeamter</subfield>
   <subfield code="2">gnd</subfield>
  </datafield>
  <datafield tag="689" ind1="0" ind2="2">
   <subfield code="d">s</subfield>
   <subfield code="0">(DE-588)4153626-5</subfield>
   <subfield code="0">(DE-627)105529613</subfield>
   <subfield code="0">(DE-576)209804858</subfield>
   <subfield code="a">Falsche Verdächtigung</subfield>
   <subfield code="2">gnd</subfield>
  </datafield>
  <datafield tag="689" ind1="0" ind2=" ">
   <subfield code="5">DE-101</subfield>
  </datafield>
  <datafield tag="787" ind1="0" ind2="8">
   <subfield code="i">Rezension</subfield>
   <subfield code="a">Fernengel, Birgit</subfield>
   <subfield code="t">Als Leibwächter auf der Buchmesse</subfield>
   <subfield code="d">2013</subfield>
   <subfield code="w">(DE-627)1478650826</subfield>
   <subfield code="w">(DE-576)408650826</subfield>
  </datafield>
  <datafield tag="856" ind1="4" ind2="2">
   <subfield code="u">http://deposit.dnb.de/cgi-bin/dokserv?id=4032674&amp;prov=M&amp;dok_var=1&amp;dok_ext=htm</subfield>
   <subfield code="m">X:MVB</subfield>
   <subfield code="q">text/html</subfield>
   <subfield code="3">Inhaltstext</subfield>
  </datafield>
  <datafield tag="856" ind1="4" ind2="2">
   <subfield code="u">http://www.perlentaucher.de/buch/jakob-arjouni/bruder-kemal.html</subfield>
   <subfield code="x">Verlag</subfield>
   <subfield code="3">Rezension</subfield>
  </datafield>
  <datafield tag="856" ind1="4" ind2="2">
   <subfield code="u">http://culturmag.de/rubriken/buecher/jakob-arjouni-bruder-kemal/56852</subfield>
   <subfield code="x">Verlag</subfield>
   <subfield code="3">Rezension</subfield>
  </datafield>
  <datafield tag="856" ind1="4" ind2="2">
   <subfield code="u">http://www.dradio.de/dkultur/sendungen/kritik/1869936/</subfield>
   <subfield code="x">Verlag</subfield>
   <subfield code="3">Rezension</subfield>
  </datafield>
  <datafield tag="889" ind1=" " ind2=" ">
   <subfield code="w">(DE-627)716807831</subfield>
  </datafield>
  <datafield tag="935" ind1=" " ind2=" ">
   <subfield code="i">mdedup</subfield>
  </datafield>
  <datafield tag="936" ind1="r" ind2="v">
   <subfield code="a">GN 9999</subfield>
   <subfield code="b">Sonstige</subfield>
   <subfield code="k">Germanistik. Niederlandistik. Skandinavistik</subfield>
   <subfield code="k">Deutsche Literatur</subfield>
   <subfield code="k">Moderne II: 1946 - 1990</subfield>
   <subfield code="k">Literaturgeschichte</subfield>
   <subfield code="k">Einzelne Autoren</subfield>
   <subfield code="k">Sonstige</subfield>
   <subfield code="0">(DE-627)1270636618</subfield>
   <subfield code="0">(DE-625)rvk/43130:</subfield>
   <subfield code="0">(DE-576)200636618</subfield>
  </datafield>
  <datafield tag="936" ind1="b" ind2="k">
   <subfield code="a">18.10</subfield>
   <subfield code="j">Deutsche Literatur</subfield>
   <subfield code="0">(DE-627)106405047</subfield>
  </datafield>
  <datafield tag="936" ind1="b" ind2="k">
   <subfield code="a">17.97</subfield>
   <subfield code="j">Texte eines einzelnen Autors</subfield>
   <subfield code="0">(DE-627)181571714</subfield>
  </datafield>
  <datafield tag="951" ind1=" " ind2=" ">
   <subfield code="a">BO</subfield>
  </datafield>
  <datafield tag="990" ind1=" " ind2=" ">
   <subfield code="a">Frankfurt am Main</subfield>
  </datafield>
  <datafield tag="990" ind1=" " ind2=" ">
   <subfield code="a">Kriminalbeamter</subfield>
  </datafield>
  <datafield tag="990" ind1=" " ind2=" ">
   <subfield code="a">Falsche Verdächtigung</subfield>
  </datafield>
  <datafield tag="991" ind1=" " ind2=" ">
   <subfield code="a">Rezensiertes Werk</subfield>
  </datafield>
  <datafield tag="999" ind1=" " ind2=" ">
   <subfield code="a">KXP-PPN161728923X</subfield>
   <subfield code="e">4151648658</subfield>
  </datafield>
 </record>
</collection>
